[Event "N1 Reykjavik Open 2014"]
[Site "Reykjavik, Iceland"]
[Date "2014.03.08"]
[Round "6.88"]
[White "Mare, Eben"]
[Black "Morkedal, Oyvind"]
[Result "1-0"]
[WhiteElo "1967"]
[BlackElo "1704"]
[EventDate "2014.03.04"]
[PlyCount "0"]

1. e4 e5 2. d4 exd4 3. Qxd4 Nc6 4. Qe3 d6 5. Bd2 Nf6 6. Nc3 g6 7. O-O-O 
Bg7 8. Bc4 O-O 9. f3 Qe7 10. Qf2 Ne5 11. Bb3 c6 12. f4 Ned7 13. Re1 Nc5 
14. Qh4 Nxb3+ 15. axb3 Re8 16. Nf3 Nd7 17. Qg3 b5 18. e5 Bb7 19. exd6 Qxd6
20. Ne4 Qc7 21. Bc3 Bxc3 22. bxc3 c5 23. Ned2 Bxf3 24. Qxf3 Nf6 25. f5 Qd6
26. fxg6 hxg6 27. Ref1 Rad8 28. Qxf6 Qxd2+ 29. Kb2 Qd5 30. Rf3 Qe6 31. Qf4
Qe7 32. h4 Rd7 33. h5 Qd6 34. Qh6 Qf8 35. Qc1 Rd6 36. Qf4 Red8 37. Rfh3 g5
38. Qxg5+ Qg7 39. Qh4 Qh6 40. Rg3+ Kh8 41. Rg5 Rd5 42. Rxd5 Rxd5 43. g4 
Rg5 44. Qg3 Qc6 45. Rd1 Kg7 46. Rd6 Qe4 47. h6+ Kh7 48. Qf2 Qxg4 49. Qxf7+
Kh8 50. Rd7 1-0

[Event "N1 Reykjavik Open 2014"]
[Site "Reykjavik, Iceland"]
[Date "2014.03.08"]
[Round "6.89"]
[White "Stolberg-Rohr, Thomine"]
[Black "Jonsson, Gauti Pall"]
[Result "0-1"]
[WhiteElo "1964"]
[BlackElo "1618"]
[EventDate "2014.03.04"]
[PlyCount "0"]

1. e4 e6 2. f4 c5 3. Nf3 Nc6 4. Nc3 Nge7 5. g3 g6 6. Bg2 Bg7 7. O-O O-O 8.
 d3 d5 9. Qe1 Nd4 10. Qf2 b5 11. Nd1 Bb7 12. Nh4 dxe4 13. dxe4 b4 14. c3 
bxc3 15. Nxc3 f5 16. e5 Bxg2 17. Nxg2 Qc7 18. Ne3 Nec6 19. Nc4 Rfd8 20. 
Be3 Bf8 21. Rad1 a5 22. Na4 Rab8 23. Rd2 Be7 24. Rc1 Rb4 25. b3 g5 26. Re1
g4 27. Kf1 Nf3 28. Rxd8+ Qxd8 29. Re2 Qd1+ 30. Kg2 h5 31. Qf1 Qd5 32. Nc3 
Qd3 33. Nd1 Ncd4 34. Bxd4 Nxd4 35. Re1 Qc2+ 36. Qf2 Qxf2+ 37. Kxf2 a4 38. 
Ndb2 axb3 39. axb3 Rxb3 40. Ra1 Rf3+ 41. Kg2 h4 42. Ra8+ Kg7 43. Ra1 h3+ 
44. Kg1 Ne2+ 45. Kh1 Nd4 46. Kg1 Rc3 47. Nd2 Nb3 48. Nxb3 Rxb3 49. Nc4 Rc3
50. Ra7 Rxc4 51. Rxe7+ Kg8 52. Rxe6 Rc1+ 53. Kf2 Rh1 54. Rc6 Rxh2+ 55. Kf1
Rc2 56. Kg1 Rg2+ 57. Kh1 Rxg3 58. Rxc5 Rd3 59. Rc1 g3 60. Re1 Kf7 61. Ra1 
Re3 62. Rd1 Kg6 63. Ra1 Kh5 0-1

[Event "N1 Reykjavik Open 2014"]
[Site "Reykjavik, Iceland"]
[Date "2014.03.08"]
[Round "6.90"]
[White "Kolka, Dawid"]
[Black "Saraiva, Alexandre Pacheco"]
[Result "1/2-1/2"]
[WhiteElo "1736"]
[BlackElo "1963"]
[EventDate "2014.03.04"]
[PlyCount "0"]

1. e4 c5 2. Nf3 d6 3. Bb5+ Nc6 4. O-O e6 5. c3 Ne7 6. d4 cxd4 7. cxd4 a6 
8. Ba4 b5 9. Bb3 Na5 10. Nc3 Nxb3 11. Qxb3 Rb8 12. a3 Bb7 13. Bf4 Ng6 14. 
Bg3 Be7 15. Rfe1 O-O 16. Rad1 Qd7 17. Qc2 Rbc8 18. Qe2 d5 19. e5 b4 20. 
axb4 Bxb4 21. Qe3 Ne7 22. Nh4 Rc4 23. Rc1 Rfc8 24. Red1 Qc7 25. Ne2 Qb6 
26. h3 Ba5 27. Qg5 Qd8 28. Bf4 Bb6 29. Be3 Rb4 30. Rxc8 Nxc8 31. Rd2 Qxg5 
32. Bxg5 h6 33. Be3 Ne7 34. Nf3 Nf5 35. Rc2 Nxe3 36. fxe3 a5 37. Kf2 Ba6 
38. Ne1 Kf8 39. Nc1 a4 40. Ned3 Rc4 41. Rxc4 dxc4 42. Ne1 Ke7 43. Na2 Ba5 
44. Nc2 f6 45. exf6+ gxf6 46. Nc3 Bxc3 47. bxc3 f5 48. Na3 Kf6 49. g4 e5 
50. Kg3 exd4 51. exd4 fxg4 52. hxg4 Kg5 53. d5 Bb7 54. d6 Kf6 55. Kh4 Bd5 
56. Kh5 Be6 57. Kxh6 Bxg4 58. Nxc4 Ke6 59. d7 Ke7 60. d8=Q+ Kxd8 61. Kg5 
Be6 62. Na3 Kc7 63. Kf4 Kc6 64. Ke4 Kc5 65. Ke5 Bb3 66. Ke4 1/2-1/2

[Event "N1 Reykjavik Open 2014"]
[Site "Reykjavik, Iceland"]
[Date "2014.03.08"]
[Round "6.91"]
[White "Hisnay, Gregory"]
[Black "Bjornsson, Eirikur K."]
[Result "1/2-1/2"]
[WhiteElo "1705"]
[BlackElo "1958"]
[EventDate "2014.03.04"]
[PlyCount "0"]

1. d4 f5 2. c4 Nf6 3. Nc3 d6 4. Nf3 g6 5. e3 Bg7 6. Bd3 O-O 7. O-O Nc6 8. 
e4 fxe4 9. Nxe4 Bg4 10. Nxf6+ Bxf6 11. Be2 e5 12. d5 Bxf3 13. Bxf3 Nd4 14.
 Be4 Bg7 15. Be3 Qh4 16. f3 Nf5 17. Qe1 Qxe1 18. Rfxe1 Nxe3 19. Rxe3 a5 
20. a4 b6 21. g3 1/2-1/2

[Event "N1 Reykjavik Open 2014"]
[Site "Reykjavik, Iceland"]
[Date "2014.03.08"]
[Round "6.92"]
[White "Kjartansson, Dagur"]
[Black "Sigurjonsson, Siguringi"]
[Result "0-1"]
[WhiteElo "1662"]
[BlackElo "1948"]
[EventDate "2014.03.04"]
[PlyCount "0"]

1. c4 d6 2. Nc3 e5 3. g3 f5 4. Bg2 Nf6 5. e3 Be7 6. d4 c6 7. b4 O-O 8. 
Nge2 Qe8 9. Bb2 Qh5 10. d5 Bd7 11. f3 Na6 12. a3 Nc7 13. a4 Qf7 14. e4 
fxe4 15. fxe4 Ng4 16. Rf1 Qh5 17. Bc1 Rxf1+ 18. Bxf1 Qxh2 19. Kd2 Rf8 20. 
Kc2 Qh1 21. Bd2 Nf2 22. Qe1 Nxe4 23. Nxe4 Qxe4+ 24. Kb3 cxd5 25. Nc3 Qf3 
26. cxd5 Bg4 27. Be2 Qf5 28. Bxg4 Qxg4 29. Qe3 b6 30. Qg1 Rf3 31. Rf1 Nxd5
32. Qh1 Qxb4+ 33. Kc2 Rxc3+ 34. Bxc3 Qxc3+ 35. Kb1 Qb3+ 36. Ka1 Qxa4+ 37. 
Kb2 Qb4+ 38. Ka1 Qd4+ 39. Kb1 Bf6 40. Qh3 Qd3+ 41. Ka2 Nb4+ 42. Kb2 Qc2+ 
43. Ka3 Qc4 44. Qd7 h6 45. Qe8+ Kh7 46. Rxf6 gxf6 47. Qd7+ Kg6 48. g4 Qc3+
0-1

[Event "N1 Reykjavik Open 2014"]
[Site "Reykjavik, Iceland"]
[Date "2014.03.08"]
[Round "6.94"]
[White "Altman, Joshua"]
[Black "Mehringer, Joerg"]
[Result "0-1"]
[WhiteElo "1650"]
[BlackElo "1927"]
[EventDate "2014.03.04"]
[PlyCount "70"]

1. e4 e5 2. Nf3 Nc6 3. Bb5 f5 4. Nc3 fxe4 5. Nxe4 d5 6. Nxe5 dxe4 7. Nxc6 
Qg5 8. Qe2 Nf6 9. f4 Qxf4 10. Ne5+ c6 11. d4 Qh4+ 12. g3 Qh3 13. Bc4 Bd6 
14. Bf4 Bxe5 15. dxe5 Bg4 16. Qe3 Nd5 17. Qf2 Rf8 18. Bxd5 cxd5 19. Qd2 
Rd8 20. e6 Bxe6 21. O-O-O Bg4 22. Rde1 Bf3 23. Rhf1 Kf7 24. Bg5 Qd7 25. 
Rf2 Kg8 26. Qb4 h6 27. Bf4 Rc8 28. Kb1 Qg4 29. Ref1 Qe6 30. Re1 Qc6 31. 
Qb3 Kh7 32. Rc1 d4 33. c3 e3 34. Rff1 Qe4+ 35. Ka1 d3 0-1

[Event "N1 Reykjavik Open 2014"]
[Site "Reykjavik, Iceland"]
[Date "2014.03.08"]
[Round "6.95"]
[White "Jorgensen, Line Jin"]
[Black "Roets, Marius H."]
[Result "1-0"]
[WhiteElo "1923"]
[BlackElo "1437"]
[EventDate "2014.03.04"]
[PlyCount "0"]

1. d4 Nf6 2. c4 g6 3. Nc3 Bg7 4. e4 d6 5. f4 O-O 6. Nf3 c5 7. d5 e6 8. 
dxe6 fxe6 9. Bd3 Nc6 10. O-O Ne8 11. Ng5 Nd4 12. Qe1 Qe7 13. Bd2 a6 14. f5
gxf5 15. exf5 e5 16. Nd5 Qd8 17. f6 Bxf6 18. Qe4 Rf7 19. Nxf7 Kxf7 20. 
Qxh7+ Ke6 1-0

[Event "N1 Reykjavik Open 2014"]
[Site "Reykjavik, Iceland"]
[Date "2014.03.08"]
[Round "6.96"]
[White "Einarsson, Oskar Long"]
[Black "Robson, Paul E"]
[Result "0-1"]
[WhiteElo "1599"]
[BlackElo "1915"]
[EventDate "2014.03.04"]
[PlyCount "68"]

1. e4 c5 2. Nf3 Nc6 3. d4 cxd4 4. Nxd4 g6 5. Nc3 Bg7 6. Be3 Nf6 7. Bc4 O-O
8. Bb3 a5 9. f3 d6 10. O-O Bd7 11. Kh1 Rc8 12. Qe2 Ne5 13. Na4 d5 14. exd5
Bxa4 15. Bxa4 Nxd5 16. Bf2 Nc4 17. c3 Nf4 18. Qc2 e5 19. Ne2 Qg5 20. Nxf4 
exf4 21. Rfe1 b5 22. Bb3 Nxb2 23. Qxb2 Bxc3 24. Qe2 a4 25. Bc2 Bxa1 26. 
Rxa1 Rfe8 27. Qd2 Rcd8 28. Qc3 Re2 29. Kg1 Rdd2 30. Qc8+ Kg7 31. Qc3+ Kh6 
32. h4 Qe7 33. Rf1 Rxc2 34. Qd4 Qe3 0-1

[Event "N1 Reykjavik Open 2014"]
[Site "Reykjavik, Iceland"]
[Date "2014.03.08"]
[Round "6.97"]
[White "Thorsteinsdottir, Gudlaug"]
[Black "Holm, Fridgeir K"]
[Result "1-0"]
[WhiteElo "2056"]
[BlackElo "1729"]
[EventDate "2014.03.04"]
[PlyCount "0"]

1. d4 Nf6 2. c4 e6 3. Nf3 b6 4. Bg5 Bb7 5. Nbd2 d5 6. e3 Be7 7. Rc1 Nbd7 
8. Bd3 c5 9. O-O Ne4 10. Bxe7 Qxe7 11. cxd5 exd5 12. dxc5 Ndxc5 13. Bb5+ 
Kf8 14. b4 Nxd2 15. Qxd2 Ne4 16. Qd4 f6 17. Bc6 Bxc6 18. Rxc6 Rd8 19. Rfc1
Kf7 20. a3 Rhe8 21. Qd3 Kg8 22. Nd4 Nd6 23. Rc7 Rc8 24. Rxc8 Rxc8 25. Nc6 
Qe6 26. b5 Rc7 27. a4 Nc4 28. Rxc4 dxc4 29. Qd8+ Kf7 30. Qxc7+ Kg6 31. 
Qg3+ 1-0

[Event "N1 Reykjavik Open 2014"]
[Site "Reykjavik, Iceland"]
[Date "2014.03.08"]
[Round "6.98"]
[White "Pajeken, Jakob Leon"]
[Black "Carlsen, Henrik"]
[Result "1/2-1/2"]
[WhiteElo "1703"]
[BlackElo "2027"]
[EventDate "2014.03.04"]
[PlyCount "0"]

1. e4 e5 2. Nf3 Nc6 3. Bc4 Be7 4. d4 exd4 5. Nxd4 Bf6 6. Be3 d6 7. O-O 
Nxd4 8. Bxd4 Bxd4 9. Qxd4 Qf6 10. c3 Be6 11. Nd2 Qxd4 12. cxd4 c6 13. Rfe1
O-O-O 14. Rac1 d5 15. exd5 Bxd5 16. Bxd5 Rxd5 17. Nf3 f6 18. Re8+ Rd8 19. 
Rce1 Nh6 20. Rxh8 Rxh8 21. h3 Kd7 22. Kf1 Re8 23. Rxe8 Kxe8 24. Ke2 Kd7 
25. Kd3 Nf7 26. Nd2 Nd6 27. Ne4 Nxe4 28. Kxe4 Ke6 29. g4 g6 30. h4 a5 31. 
b3 b6 32. h5 gxh5 33. gxh5 h6 34. a3 b5 35. f3 f5+ 36. Kd3 Kd5 37. f4 Kd6 
38. Ke3 Ke6 39. a4 Kd6 40. Kd2 bxa4 41. bxa4 Kd5 42. Kd3 c5 43. dxc5 Kxc5 
44. Kc3 1/2-1/2

[Event "N1 Reykjavik Open 2014"]
[Site "Reykjavik, Iceland"]
[Date "2014.03.08"]
[Round "6.99"]
[White "Birkisson, Bjorn Holm"]
[Black "Aubert, Carsten"]
[Result "0-1"]
[WhiteElo "1598"]
[BlackElo "1997"]
[EventDate "2014.03.04"]
[PlyCount "98"]

1. e4 e5 2. Nf3 Nc6 3. d4 exd4 4. Nxd4 Nf6 5. Nxc6 bxc6 6. e5 Qe7 7. Qe2 
Nd5 8. c4 Nb6 9. b3 a5 10. Qe3 Qe6 11. Bd3 a4 12. Bb2 Bb4+ 13. Nd2 a3 14. 
Bd4 c5 15. Bxc5 Bxc5 16. Qxc5 d6 17. Qe3 dxe5 18. O-O O-O 19. Nf3 f6 20. 
Qc5 Qd6 21. Qxd6 cxd6 22. Be4 d5 23. cxd5 Bb7 24. Rac1 Rfd8 25. h3 Bxd5 
26. Bxd5+ Nxd5 27. Rc4 Rdb8 28. Ne1 Rc8 29. Nc2 Rxc4 30. bxc4 Nc3 31. Re1 
Kf7 32. Re3 Nxa2 33. Nxa3 Rc8 34. Rd3 Ke6 35. Rb3 Kd7 36. Kf1 Kc6 37. Rb5 
Nc3 38. Rb3 Ne4 39. Rb5 Ra8 40. Nb1 Ra1 41. Ke2 Rxb1 42. Rxb1 Nc3+ 43. Ke3
Nxb1 44. f4 Na3 45. g4 Nxc4+ 46. Ke4 Nd6+ 47. Kf3 e4+ 48. Ke3 Kd5 49. f5 
Ke5 0-1

[Event "N1 Reykjavik Open 2014"]
[Site "Reykjavik, Iceland"]
[Date "2014.03.08"]
[Round "6.100"]
[White "Magnusdottir, Veronika Steinun"]
[Black "Finnbogadottir, Tinna Kristin"]
[Result "0-1"]
[WhiteElo "1595"]
[BlackElo "1921"]
[EventDate "2014.03.04"]
[PlyCount "92"]

1. e4 c5 2. Nf3 g6 3. c4 Nc6 4. d4 cxd4 5. Nxd4 Nf6 6. Nc3 Nxd4 7. Qxd4 
Bg7 8. Be3 d6 9. Qd2 Be6 10. Rc1 O-O 11. Bh6 Rc8 12. Bxg7 Kxg7 13. b3 Qa5 
14. Be2 Qe5 15. O-O h5 16. f4 Qc5+ 17. Kh1 Bg4 18. Qb2 Rh8 19. Nd5 Rce8 
20. b4 Qc8 21. Bf3 Qd8 22. c5 dxc5 23. Rxc5 Kg8 24. Nc7 Rf8 25. Rd1 Qb8 
26. Nd5 Nxd5 27. Bxg4 hxg4 28. Rcxd5 Qxf4 29. Qe5 Rxh2+ 30. Kg1 Qxe5 31. 
Rxe5 Rh5 32. Rxe7 Rb5 33. a3 a5 34. bxa5 Rxa5 35. Rxb7 Rxa3 36. Rdd7 g3 
37. Kf1 Ra2 38. e5 Rc8 39. Rbc7 Rf2+ 40. Kg1 Rxc7 41. Rxc7 Re2 42. Kf1 
Rxe5 43. Rc3 Rf5+ 44. Rf3 Rxf3+ 45. gxf3 f5 46. f4 g5 0-1

[Event "N1 Reykjavik Open 2014"]
[Site "Reykjavik, Iceland"]
[Date "2014.03.08"]
[Round "6.101"]
[White "Haraldsson, Oskar"]
[Black "Ontiveros, John"]
[Result "1/2-1/2"]
[WhiteElo "1897"]
[BlackElo "1710"]
[EventDate "2014.03.04"]
[PlyCount "0"]

1. e4 e5 2. Nf3 Nc6 3. Bb5 d6 4. d4 Bg4 5. Nc3 a6 6. Bxc6+ bxc6 7. O-O 
exd4 8. Qxd4 Bxf3 9. gxf3 Nf6 10. Ne2 Be7 11. Ng3 O-O 12. Kh1 Nd7 13. Nh5 
Bf6 14. Nxf6+ Qxf6 15. Qxf6 Nxf6 1/2-1/2

[Event "N1 Reykjavik Open 2014"]
[Site "Reykjavik, Iceland"]
[Date "2014.03.08"]
[Round "6.102"]
[White "Gardarsson, Halldor"]
[Black "Halldorsson, Haukur"]
[Result "1-0"]
[WhiteElo "1895"]
[BlackElo "1669"]
[EventDate "2014.03.04"]
[PlyCount "47"]

1. e4 c5 2. Nf3 Nc6 3. d4 cxd4 4. Nxd4 e5 5. Nb3 h6 6. Nc3 Bb4 7. Bd3 Nf6 
8. O-O Bxc3 9. bxc3 O-O 10. a4 a6 11. Qf3 Kh7 12. Be3 d6 13. h3 Be6 14. 
Rfd1 Qc7 15. a5 Nd7 16. Qh5 Bxb3 17. cxb3 Nxa5 18. Rxa5 Qxa5 19. Qf5+ Kg8 
20. Qxd7 Qxc3 21. Bc4 Qc2 22. Qg4 Kh7 23. Rxd6 f6 24. Rd7 1-0

[Event "N1 Reykjavik Open 2014"]
[Site "Reykjavik, Iceland"]
[Date "2014.03.08"]
[Round "6.103"]
[White "Schadd, Jan"]
[Black "Nordquelle, Daniel"]
[Result "1/2-1/2"]
[WhiteElo "1893"]
[BlackElo "1654"]
[EventDate "2014.03.04"]
[PlyCount "0"]

1. Nf3 e6 2. b3 f5 3. Bb2 Nf6 4. d4 d5 5. e3 Bd6 6. Nbd2 O-O 7. c4 c6 8. 
Bd3 Nbd7 9. cxd5 cxd5 10. O-O Ne4 11. Qc2 Rf6 12. Ne5 Rh6 13. Bxe4 fxe4 
14. Rfc1 Qg5 15. Nf1 Nxe5 16. dxe5 Bxe5 17. Bxe5 Qxe5 18. Qc7 Qxc7 19. 
Rxc7 Rf6 20. Rac1 Rf8 21. Ng3 b6 22. R1c6 Ba6 23. Rxe6 Rfc8 24. Ree7 Rxc7 
25. Rxc7 Rc8 26. Rxc8+ Bxc8 27. Ne2 Kf7 28. Nd4 Bd7 29. Kf1 Ke7 30. Ke1 
Kd6 31. Kd2 Kc5 32. Kc3 a6 33. h4 h6 34. Ne2 g5 35. hxg5 hxg5 36. a3 a5 
37. Nd4 Kd6 38. b4 1/2-1/2

[Event "N1 Reykjavik Open 2014"]
[Site "Reykjavik, Iceland"]
[Date "2014.03.08"]
[Round "6.105"]
[White "Birkisson, Bardur Orn"]
[Black "Rache, Ralf"]
[Result "1/2-1/2"]
[WhiteElo "1475"]
[BlackElo "1862"]
[EventDate "2014.03.04"]
[PlyCount "0"]

1. e4 c5 2. Nc3 Nc6 3. g3 g6 4. Bg2 Bg7 5. d3 d6 6. f4 e6 7. Nf3 Nge7 8. 
O-O O-O 9. Be3 Nd4 10. Rb1 Rb8 11. Ne2 Nec6 12. c3 Nxf3+ 13. Bxf3 Bd7 14. 
Qe1 b6 15. d4 Ne7 16. Qd2 Bc6 17. Rbd1 Qc7 18. Bg2 Rbd8 19. Qc2 Bb7 20. 
Bh3 Qc6 21. Bg2 Nf5 22. Bf2 cxd4 23. Nxd4 Nxd4 24. Bxd4 e5 25. fxe5 dxe5 
26. Be3 Qc4 27. a3 Bc6 28. b3 Qe6 29. Rxd8 Rxd8 30. Rd1 1/2-1/2

[Event "N1 Reykjavik Open 2014"]
[Site "Reykjavik, Iceland"]
[Date "2014.03.08"]
[Round "6.106"]
[White "Kravchuk, Mykhaylo"]
[Black "Sjol, Henrik"]
[Result "0-1"]
[WhiteElo "1470"]
[BlackElo "1853"]
[EventDate "2014.03.04"]
[PlyCount "68"]

1. e4 d5 2. e5 c5 3. c3 Nc6 4. d4 Bf5 5. Nf3 e6 6. Be3 Qb6 7. b3 Nge7 8. 
Be2 Bg6 9. O-O Nf5 10. h3 Be7 11. a4 O-O 12. Ra2 Rac8 13. Rb2 Rfd8 14. Bb5
cxd4 15. cxd4 Nb4 16. Qe2 a6 17. Bd3 Nxd3 18. Qxd3 Ng3 19. Qd1 Nxf1 20. 
Kxf1 Rc6 21. Bd2 Rdc8 22. Kg1 Rc2 23. Rxc2 Rxc2 24. Be3 Qxb3 25. Nbd2 Qa3 
26. Kh2 Rc1 27. Qb3 Qxb3 28. Nxb3 Rc4 29. a5 Bc2 30. Nfd2 Bxb3 31. Nxb3 
Bb4 32. Kg3 Rc3 33. Nc5 Bxc5 34. dxc5 d4 0-1

[Event "N1 Reykjavik Open 2014"]
[Site "Reykjavik, Iceland"]
[Date "2014.03.08"]
[Round "6.107"]
[White "Forsa, Elise"]
[Black "Sigurvaldason, Hjalmar"]
[Result "1-0"]
[WhiteElo "1830"]
[BlackElo "1512"]
[EventDate "2014.03.04"]
[PlyCount "0"]

1. e4 c5 2. d3 d5 3. exd5 Qxd5 4. Nc3 Qd8 5. g3 Nc6 6. Bg2 Nf6 7. Bf4 a6 
8. Nf3 e6 9. Nd2 Be7 10. Nc4 O-O 11. Bxc6 bxc6 12. Qe2 Nd5 13. Bd2 a5 14. 
Ne4 Qc7 15. O-O e5 16. Be3 Nxe3 17. Qxe3 f6 18. Nxc5 Bxc5 19. Qxc5 Be6 20.
 Rfe1 Bd5 21. Nb6 Rad8 22. Nxd5 Rxd5 23. Qc4 Kh8 24. Rad1 Rfd8 25. Re2 c5 
26. Rde1 h6 27. Qc3 Rd4 28. Re3 Qb6 29. Kg2 Qb5 30. Re4 Qb4 31. Qb3 a4 32.
 Qxb4 cxb4 33. Rxd4 Rxd4 34. Re4 Rxe4 35. dxe4 Kg8 36. Kf3 Kf7 37. Ke3 Ke6
38. Kd3 f5 39. f3 g5 40. h3 h5 41. h4 f4 42. gxf4 gxh4 43. f5+ Kf6 44. Ke2
Kg5 45. Kf2 Kf6 46. c4 bxc3 47. bxc3 Ke7 48. c4 Kd6 49. Kg2 Kc5 50. Kh3 
Kxc4 51. f6 Kb4 52. f7 Ka3 53. f8=Q+ Kxa2 54. Qe7 a3 55. Qxe5 Kb1 56. f4 
a2 57. f5 a1=Q 58. Qxa1+ Kxa1 59. f6 1-0

[Event "N1 Reykjavik Open 2014"]
[Site "Reykjavik, Iceland"]
[Date "2014.03.08"]
[Round "6.108"]
[White "Hansen, Erle Andrea Marki"]
[Black "Palsdottir, Soley Lind"]
[Result "1-0"]
[WhiteElo "1810"]
[BlackElo "1450"]
[EventDate "2014.03.04"]
[PlyCount "0"]

1. d4 d6 2. Nf3 c6 3. g3 Nf6 4. Bg2 Qc7 5. O-O e5 6. c4 Be7 7. b3 O-O 8. 
Bb2 e4 9. Nfd2 d5 10. Qc2 Qd8 11. e3 Be6 12. f3 exf3 13. Bxf3 Re8 14. Nc3 
Bf8 15. Nd1 Na6 16. Nf2 Rc8 17. e4 dxe4 18. Ndxe4 Bf5 19. Rae1 h6 20. a3 
Nc7 21. Qd2 Nxe4 22. Nxe4 Be6 23. Bh5 Qd7 24. Qf4 Rcd8 25. Rd1 Qe7 26. 
Rde1 Bh3 27. Bxf7+ Kh8 28. Rf2 Ne6 29. Qe3 Qc7 30. Bxe8 Rxe8 31. Qd2 Qc8 
32. d5 cxd5 33. cxd5 Nc5 34. Qxh6+ 1-0

[Event "N1 Reykjavik Open 2014"]
[Site "Reykjavik, Iceland"]
[Date "2014.03.08"]
[Round "6.112"]
[White "Meier, Gerd"]
[Black "Plantada Siurans, Estanislau"]
[Result "1-0"]
[WhiteElo "1901"]
[BlackElo "1557"]
[EventDate "2014.03.04"]
[PlyCount "77"]

1. e4 e6 2. d4 d5 3. e5 c5 4. Nf3 Nc6 5. Bd3 Qb6 6. O-O cxd4 7. a3 Be7 8. 
b4 Bd7 9. Re1 f5 10. Bf4 O-O-O 11. c4 dxc3 12. Nxc3 h6 13. Na4 Qc7 14. Rc1
Kb8 15. Be3 Rc8 16. Nc5 Qd8 17. Qa4 Bxc5 18. Bxc5 b6 19. Bd6+ Ka8 20. Bb5 
Nge7 21. Bxe7 Qxe7 22. Bxc6+ Bxc6 23. Rxc6 Rc7 24. Rec1 Rhc8 25. Nd4 Qd7 
26. b5 Kb8 27. R1c3 g5 28. Qc2 Kb7 29. Rxc7+ Rxc7 30. Rxc7+ Qxc7 31. Qxc7+
Kxc7 32. Nxe6+ Kd7 33. Nd4 f4 34. f3 Ke7 35. Kf2 Kd7 36. Ke2 Kc7 37. Kd3 
a5 38. bxa6 b5 39. e6 1-0

[Event "N1 Reykjavik Open 2014"]
[Site "Reykjavik, Iceland"]
[Date "2014.03.08"]
[Round "6.113"]
[White "Steinthorsson, Felix"]
[Black "Maggason, Oskar"]
[Result "1/2-1/2"]
[WhiteElo "1530"]
[BlackElo "1882"]
[EventDate "2014.03.04"]
[PlyCount "0"]

1. d4 d5 2. c4 c6 3. Nf3 Nf6 4. Nc3 e6 5. Bg5 Nbd7 6. e3 Bd6 7. Be2 O-O 8.
 O-O Re8 9. Qc2 dxc4 10. Bxc4 b5 11. Bd3 h6 12. Bh4 Bb7 13. Nd2 Be7 14. 
Rae1 Rc8 15. Qd1 a6 16. Qe2 c5 17. dxc5 Nxc5 18. Bb1 b4 19. Nd1 a5 20. b3 
Ba6 21. Nc4 a4 22. Bc2 Bxc4 23. bxc4 Qb6 24. Nb2 b3 25. axb3 axb3 26. Bd3 
g5 27. Bg3 Red8 28. Be5 Nxd3 29. Nxd3 Rxc4 30. Bd4 Qc7 31. Qb2 Rc2 32. 
Qxb3 Ng4 33. g3 Rc8 34. Rc1 Rxc1 35. Rxc1 Qd7 36. Rxc8+ Qxc8 37. Qc3 Qd8 
38. Ne5 Nxe5 39. Bxe5 Qd1+ 40. Kg2 Qd5+ 41. Kg1 Qd1+ 42. Kg2 Qd5+ 43. Kg1 
Qd8 44. Qd4 Qxd4 45. Bxd4 f6 46. g4 Kf7 47. Kg2 Bd6 48. h3 f5 49. f3 e5 
50. Bc3 Ke6 51. e4 fxe4 52. fxe4 Kd7 53. Kf3 Ke6 54. Ke2 1/2-1/2

[Event "N1 Reykjavik Open 2014"]
[Site "Reykjavik, Iceland"]
[Date "2014.03.08"]
[Round "6.114"]
[White "Englert, Fred"]
[Black "Petersen, Jakob Alexander"]
[Result "0-1"]
[WhiteElo "1845"]
[BlackElo "1425"]
[EventDate "2014.03.04"]
[PlyCount "70"]

1. c4 c5 2. Nf3 Nf6 3. Nc3 Nc6 4. g3 e6 5. d4 cxd4 6. Nxd4 Bc5 7. Nxc6 
bxc6 8. Bg2 h6 9. O-O O-O 10. Na4 Be7 11. c5 Qa5 12. Bd2 Qb5 13. a3 Rd8 
14. Qc2 Qxe2 15. Rfe1 Qg4 16. h3 Qh5 17. Rad1 Nd5 18. b4 Bb7 19. f4 Bf6 
20. Kh2 Re8 21. Be4 g5 22. fxg5 Bxg5 23. Rf1 Qe2+ 24. Bg2 Ne3 25. Qe4 
Nxf1+ 26. Rxf1 Qxe4 27. Bxe4 Bxd2 28. Rd1 Bg5 29. Rxd7 Re7 30. Rd1 f5 31. 
Bf3 Kf7 32. Rd6 Rc7 33. h4 Bf6 34. Bh5+ Ke7 35. g4 Be5+ 0-1

[Event "N1 Reykjavik Open 2014"]
[Site "Reykjavik, Iceland"]
[Date "2014.03.08"]
[Round "6.116"]
[White "Jonasson, Hordur"]
[Black "Hauksdottir, Hrund"]
[Result "0-1"]
[WhiteElo "1526"]
[BlackElo "1668"]
[EventDate "2014.03.04"]
[PlyCount "0"]

1. e4 e5 2. Nf3 Nc6 3. Bb5 a6 4. Ba4 Bc5 5. O-O b5 6. Bb3 Nf6 7. d3 O-O 8.
 c3 d6 9. h3 Be6 10. Bg5 h6 11. Bh4 Bb6 12. d4 Bxb3 13. axb3 exd4 14. cxd4
g5 15. e5 dxe5 16. dxe5 Qxd1 17. Rxd1 Nh5 18. Bg3 Nxg3 0-1

[Event "N1 Reykjavik Open 2014"]
[Site "Reykjavik, Iceland"]
[Date "2014.03.08"]
[Round "6.117"]
[White "Finnsson, Johann Arnar"]
[Black "Steingrimsson, Karl Egill"]
[Result "0-1"]
[WhiteElo "1471"]
[BlackElo "1663"]
[EventDate "2014.03.04"]
[PlyCount "56"]

1. e4 c5 2. g3 Nc6 3. Nc3 e5 4. Nge2 Nf6 5. Bg2 Be7 6. d3 O-O 7. O-O d6 8.
 f4 Bg4 9. Qe1 Qd7 10. f5 Bxe2 11. Nxe2 h6 12. Bd2 Rac8 13. Qc1 Kh7 14. 
Qe1 b5 15. c3 d5 16. exd5 Nxd5 17. Nc1 Nf6 18. Bxc6 Rxc6 19. Qxe5 Re8 20. 
Qf4 a5 21. d4 cxd4 22. cxd4 Bd6 23. Qf3 Bc7 24. Nb3 a4 25. Nc5 Qxd4+ 26. 
Rf2 Rxc5 27. Rd1 Rd5 28. Rc1 Bb6 0-1

[Event "N1 Reykjavik Open 2014"]
[Site "Reykjavik, Iceland"]
[Date "2014.03.08"]
[Round "6.118"]
[White "Lee, Gudmundur Kristinn"]
[Black "Ragnarsson, Heimir Pall"]
[Result "1-0"]
[WhiteElo "1649"]
[BlackElo "1424"]
[EventDate "2014.03.04"]
[PlyCount "73"]

1. e4 c5 2. Nf3 d6 3. d4 cxd4 4. Nxd4 Nf6 5. Nc3 g6 6. Bc4 Bg7 7. f3 a6 8.
 Be3 b5 9. Bb3 Bb7 10. Qd2 h5 11. O-O Nbd7 12. a4 b4 13. Nd5 a5 14. Rad1 
Nc5 15. Bc4 O-O 16. b3 Rc8 17. Nb5 Nxa4 18. Na7 Bxd5 19. exd5 Rxc4 20. 
bxc4 Nb6 21. Nc6 Nxc4 22. Qe2 Nxd5 23. Rxd5 Nxe3 24. Nxd8 Nxd5 25. Nc6 Rc8
26. Nxa5 Bd4+ 27. Kh1 Ne3 28. Rc1 Rc3 29. Nb3 Bb6 30. Qb5 Bc5 31. Qe8+ Kg7
32. Qxe7 Nxc2 33. Na1 b3 34. Nxc2 Ba3 35. Qe1 Rxc2 36. Rxc2 bxc2 37. Qc3+ 
1-0